00597nam a2200181Ia 4500003000900000008004100009040001300050040001300063041000900076245005500085250001300140260001300153260000900166300001000175490000600185600018700191710003700378IT-RoPAU120407s9999 xx 000 0 und d aIT-RoPAU cIT-RoPAU alat  a"Index ac Status Causarum. Cura Petri Galavotti." aVaticano aVaticana c1988 c21 cm v3 a" I° tomo: Index.... IX 557 p. 2° tomo: I supplementum a. 1988 IV 64 p. 3° tomo: II supplementum (1989-90) IV 55 p." aCongregatio pro causis sanctorum